Citizenship Nationality (Record no. 27397)

MARC details
000 -LEADER
fixed length control field 00412nam a2200181Ia 4500
008 - FIXED-LENGTH DATA ELEMENTS--GENERAL INFORMATION
fixed length control field 220531s9999 xx 000 0 und d
041 ## - LANGUAGE CODE
Language code of text/sound track or separate title eng
082 ## - DEWEY DECIMAL CLASSIFICATION NUMBER
Item number OOM
100 ## - MAIN ENTRY--PERSONAL NAME
Personal name Oommen, T. K.
9 (RLIN) 46564
245 ## - TITLE STATEMENT
Title Citizenship Nationality
250 ## - EDITION STATEMENT
Edition statement 1ST
260 ## - PUBLICATION, DISTRIBUTION, ETC. (IMPRINT)
Name of publisher, distributor, etc. Polity
Date of publication, distribution, etc. 2003
300 ## - PHYSICAL DESCRIPTION
Extent 270
542 ## - INFORMATION RELATING TO COPYRIGHT STATUS
Copyright holder 03-07-2004
650 ## - SUBJECT ADDED ENTRY--TOPICAL TERM
Topical term or geographic name as entry element Sociology
9 (RLIN) 46565
906 ## - LOCAL DATA ELEMENT F, LDF (RLIN)
d 2004-2005
Holdings
Withdrawn status Lost status Source of classification or shelving scheme Damaged status Not for loan Home library Current library Date acquired Vendor Cost, normal purchase price Total Checkouts Total Holds Full call number Barcode Date last seen Bill Date Koha item type Original Barcode
    Dewey Decimal Classification     Shri Siddhivinayak Mahila Mahavidyalaya Shri Siddhivinayak Mahila Mahavidyalaya 03/07/2004 Pritam 775.00   1 /OOM/B/8383 SSMM-BK-8383 06/08/2022 06/08/2022 Books 010008383